| 000 | 00577nam a2200205Ia 4500 | ||
|---|---|---|---|
| 005 | 20250508160600.0 | ||
| 008 | 008 250505s9999 xx 000 0 eng d | ||
| 037 | _aTextual | ||
| 040 |
_aFEDL _beng _cFEDL |
||
| 041 |
_aeng _2eng |
||
| 084 |
_a372.3, GEG _qFEDL |
||
| 100 |
_aGega Peter C _9149224 |
||
| 245 | 0 | _aScience in elementary education | |
| 250 | _a2 | ||
| 260 |
_aNew York, USA _bJohn Wiley and Sons _c1970 |
||
| 300 | _axii,631p. | ||
| 650 |
_aElementary education - Science _9766476 |
||
| 942 |
_cTEXL _h372.3, GEG |
||
| 999 |
_c1365447 _d1365447 |
||